| 000 | 00724nmc a2200265 a 4500 | ||
|---|---|---|---|
| 003 | AR-BaBNM | ||
| 005 | 20251128204236.0 | ||
| 008 | 105019s1990 ||||||||||||||000 | spa|| | ||
| 020 | _a950-25-1565-X | ||
| 040 | _cAR-BaBNM | ||
| 100 | 1 | _aChapp, María Ester | |
| 245 | 1 | 0 | _aJuventud y familia en una sociedad en crisis |
| 260 |
_aBuenos Aires _bCentro Editor de América Latina _c1990 |
||
| 300 | 0 | _a140 p. | |
| 490 | 0 |
_aBiblioteca política Argentina _vv. 296 |
|
| 504 | _aBibliografía en p. 137-140 | ||
| 650 | 4 | _aHISTORIA SOCIAL | |
| 650 | 4 | _aPROBLEMAS SOCIALES | |
| 650 | 4 | _aFAMILIA | |
| 650 | 4 | _aJUVENTUD | |
| 651 | 4 | _aArgentina | |
| 800 | 1 |
_aTroncoso, Oscar _edirector |
|
| 942 | _cBK | ||
| 998 | _cMarce | ||
| 999 |
_c6678 _d6678 |
||